ALGEBRA FROM THE VIEW POINT OF GALOIS THEORY (Record no. 88212)
[ view plain ]
| 000 -LEADER | |
|---|---|
| fixed length control field | 00320 a2200121 4500 |
| 020 ## - INTERNATIONAL STANDARD BOOK NUMBER | |
| International Standard Book Number | 9783319951768 |
| 100 ## - MAIN ENTRY--PERSONAL NAME | |
| Personal name | BOSCH, SIEGFRIED |
| 245 ## - TITLE STATEMENT | |
| Title | ALGEBRA FROM THE VIEW POINT OF GALOIS THEORY |
| 250 ## - EDITION STATEMENT | |
| Edition statement | 1 |
| 260 ## - PUBLICATION, DISTRIBUTION, ETC. (IMPRINT) | |
| Name of publisher, distributor, etc | SPRINGER, SWITZERLAND |
| Date of publication, distribution, etc | 2018 |
| 440 ## - SERIES STATEMENT/ADDED ENTRY--TITLE | |
| Title | BIRKHAUSER ADVANCED TEXTS BASLER LEHRBUCHER |
| 942 ## - ADDED ENTRY ELEMENTS (KOHA) | |
| Koha item type | Books |
| Withdrawn status | Lost status | Collection code | Home library | Current library | Shelving location | Date acquired | Source of acquisition | Cost, normal purchase price | Full call number | Barcode | Koha item type | Department |
|---|---|---|---|---|---|---|---|---|---|---|---|---|
| Reference | Modern College of Arts, Science and Commerce (Autonomous), Shivajinagar, Pune-5 | Modern College of Arts, Science and Commerce (Autonomous), Shivajinagar, Pune-5 | On Display | 24/10/2024 | 192 | 5908.53 | 512.6/BOS | O84407 | Reference | Mathematics |
